Crystal Palace most expensive sales - Statistics

General Stats
  • This quiz has been taken 56 times
  • The average score is 7 of 10
Answer Stats
Sold to Season Price (€) Player % Correct
Bayern Munich 24/25 53 million Michael Olise
100%
Manchester United 19/20 55 million Aaron Wan-Bissaka
90%
Fulham 24/25 29.5 million Joachim Andersen
90%
Manchester United 12/13 11.75 million Wilfried Zaha
83%
Wolverhampton Wanderers 24/25 11.9 million Sam Johnstone
67%
Everton 16/17 28.9 million Yannick Bolasie
64%
RB Leipzig 20/21 20 million Alexander Sørloth
52%
Everton 06/07 11 million Andy Johnson
43%
Newcastle United 16/17 12 million Dwight Gayle
38%
Tottenham Hotspur 95/96 6.8 million Chris Armstrong
26%
No matching quizzes found
Score Distribution
Percent of People with Each Score
Percentile by Number Answered
Your Score History
You have not taken this quiz